000 00647aam a2200217 4500
999 _c33358
_d33358
001 2539
003 CO-MdFUSB
005 20171116085306.0
008 170429t1962 xxu||||| |||| 00| 0 eng d
040 _aCO-MdFUSB
_bspa
_cCO-MdFUSB
_dCO-MdFUSBC
_erda
041 0 _aeng
082 0 4 _aG 225.7 P526w
245 0 4 _aThe Wycliffe Bible commentary
_c/ Charles F. Pfeiffer, Everett F. Harrison, Editores
264 4 _aChicago, USA:
_bMoody,
_c© 1962
300 _aXXI, 1106 Pag
336 _2rdacontent
_atexto
_btxt
337 _2rdamedia
_asin mediación
_bn
338 _2rdacarrier
_avolumen
_bnc
630 0 7 _aBiblia.
_pNuevo Testamento
942 _cBK